[Event "ch-GER"]
[Site "Koenigshofen GER"]
[Date "2007.01.22"]
[Round "4"]
[White "Meins,G"]
[Black "Schuster,Mar"]
[Result "1/2-1/2"]
[WhiteElo "2460"]
[BlackElo "2223"]

1.d4 Nf6 2.c4 e6 3.g3 d5 4.Bg2 Be7 5.Nf3 O-O 6.O-O dxc4 7.Qc2 a6 8.a4 Bd7
9.Qxc4 Bc6 10.Nc3 b5 11.Qd3 b4 12.Nb1 Be4 13.Qe3 Nbd7 14.Nbd2 Bb7 15.Nb3 Nd5
16.Qd3 c5 17.dxc5 Nxc5 18.Nxc5 Bxc5 19.Ng5 g6 20.Ne4 Be7 21.Bh6 Re8 22.Qd4 e5
23.Qxe5 Bf8 24.Qg5 Qxg5 25.Bxg5 f5 26.Nf6+ Nxf6 27.Bxb7 Ra7 28.Bf3 Ne4 29.Be3 Rc7
30.Rac1 Rec8 31.Rxc7 Rxc7 32.Rd1 Bg7 33.b3 Rc3 34.Rd3 Kf7 35.Kf1 Ke6 36.Bxe4 fxe4
37.Rxc3 Bxc3 38.g4 h5 39.h3 hxg4 40.hxg4 Kd5 41.f3 Ke5 42.Kf2 Kd5 43.Bb6 Bd2
44.Be3 Bc3 45.Kg3 Be5+ 46.Kh4 Bf6+ 47.Bg5 Bc3 48.f4 Be1+ 49.Kh3 Bd2 50.Kh4 Be1+
51.Kh3 Bd2 52.Be7 Bxf4 53.Bxb4 Kd4 54.Kg2 Bc7 55.Kf2 Bf4 56.Ke1 Bc7 57.Bd2 e3
58.Bc1 Kc3 59.Bxe3 Kxb3 60.Kd2 Kxa4 61.Bd4 Kb5 62.Kd3 Kc6  1/2-1/2

[Event "ch-GER"]
[Site "Koenigshofen GER"]
[Date "2007.01.23"]
[Round "5"]
[White "Wichmann,C"]
[Black "Jahrsdoerfer,G"]
[Result "1-0"]
[WhiteElo "2419"]
[BlackElo "2176"]

1.d4 d5 2.c4 e6 3.Nf3 Nf6 4.g3 Be7 5.Bg2 O-O 6.O-O dxc4 7.Qc2 b5 8.a4 c6
9.axb5 cxb5 10.Ng5 h6 11.Bxa8 hxg5 12.Bxg5 Qxd4 13.Be3 Qg4 14.Rxa7 Nbd7 15.Nc3 Qh5
16.f3 Bd6 17.Bf2 Bb8 18.Ra5 Ne5 19.Kg2 Bc7 20.Raa1 b4 21.Nd1 Bd7 22.h3 g5
23.Ne3 Bb5 24.Ng4 Qh8 25.Qd2 Ng6 26.Qxb4 Nh5 27.Rh1 Bxg3 28.Bxg3 Nxg3 29.Kxg3 Qh4+
30.Kg2 Nf4+ 31.Kf1 Qg3 32.Rh2 f5 33.Ra7 Rd8 34.Nh6+ Kh8 35.Qc3+  1-0

[Event "ch-Kyiv"]
[Site "Kyiv UKR"]
[Date "2007.01.24"]
[Round "5"]
[White "Baryshpolets,A"]
[Black "Manilyk,A"]
[Result "1/2-1/2"]
[WhiteElo "2264"]
[BlackElo "2105"]

1.c4 e6 2.Nf3 d5 3.d4 Nf6 4.g3 Be7 5.Bg2 O-O 6.O-O Nbd7 7.Qc2 c6 8.Rd1 b5
9.b3 bxc4 10.bxc4 Ba6 11.Nbd2 Qa5 12.Bb2 Rfc8 13.Bc3 Qa3 14.Bb2 Qa5 15.Bc3 Qa3
16.Ne5 Nxe5 17.Nb1 Nxc4 18.Nxa3 Nxa3 19.Qd2 Rab8 20.Rac1 h6 21.Qe1 Ne4 22.Ba5 Bc4
23.Bxe4 dxe4 24.Rxc4 Nxc4 25.Bc3 Nb6 26.Bb4 Bxb4 27.Qxb4 Nd5 28.Qa3 Rb7 29.Rc1 Rcc7
30.e3 Rb4 31.Kg2 f5 32.Rc5 Rbb7 33.Ra5 Kf7 34.Qd6 Nb4 35.g4 g6 36.h4 h5 37.g5 Nd3
38.Qd8 Kg7 39.Qf6+ Kh7 40.Qf8 Rg7 41.Ra6 Rb2 42.Rxc6 Rxf2+ 43.Kg1 Re2 44.Rc8 Re1+
45.Kg2 Re2+ 46.Kf1  1/2-1/2

[Event "Open"]
[Site "Moscow RUS"]
[Date "2007.01.31"]
[Round "5"]
[White "Ulko,J"]
[Black "Zontakh,A"]
[Result "1-0"]
[WhiteElo "2460"]
[BlackElo "2562"]

1.d4 Nf6 2.c4 e6 3.g3 d5 4.Bg2 Be7 5.Nf3 O-O 6.O-O dxc4 7.Qc2 a6 8.a4 Bd7
9.Qxc4 Bc6 10.Bf4 a5 11.Nc3 Na6 12.Rfd1 Nb4 13.Rac1 Rc8 14.Ne1 Nfd5 15.e4 Nxf4
16.gxf4 Qe8 17.b3 Kh8 18.Nd3 f5 19.Ne5 Bxe4 20.Nxe4 fxe4 21.Qxe6 Rf6 22.Qg4 Nd3
23.Nxd3 exd3 24.Rxd3 Qf8 25.Rh3 Rxf4 26.Rxh7+ Kxh7 27.Qh5+ Kg8 28.Bd5+ Qf7
29.Bxf7+ Rxf7 30.Qg4 Rd8 31.Rxc7 b6 32.Qe6 Kf8 33.d5  1-0

[Event "Gibtelecom Masters"]
[Site "Catalan Bay ENG"]
[Date "2007.02.01"]
[Round "9"]
[White "Aaberg,A"]
[Black "Edwards,R"]
[Result "1/2-1/2"]
[WhiteElo "2400"]
[BlackElo "2131"]

1.d4 d5 2.c4 e6 3.Nf3 Nf6 4.g3 Be7 5.Bg2 O-O 6.O-O dxc4 7.Qc2 a6 8.Qxc4 b5
9.Qc2 Bb7 10.Bd2 Be4 11.Qc1 Bb7 12.Rd1 Bd6 13.a3 Qe7 14.Nc3 c5 15.Bf4 Bxf4
16.Qxf4 Nbd7 17.e4 b4 18.e5 bxc3 19.exf6 Nxf6 20.bxc3 cxd4 21.Rxd4 Rfd8 22.c4 Rac8
23.Ne5 Bxg2 24.Rxd8+ Rxd8 25.Kxg2 Qb7+ 26.Qf3 Qxf3+ 27.Kxf3 Kf8 28.Ke3 Rb8
29.Ra2 Ke8 30.Kd4 Nd7 31.Nd3 a5 32.c5 f6 33.c6 Nb6 34.c7 Rc8 35.Rb2 e5+ 36.Ke4 Na4
37.Rc2 Kd7 38.Nc5+ Nxc5+ 39.Rxc5 Rxc7 40.Rxa5 Ke6 41.Ra6+ Kf7 42.a4 Rd7 43.a5 Rd4+
44.Ke3 Ra4 45.Ra7+ Kg6 46.a6 Ra2 47.Ra8 Kf5 48.Ra7 g5  1/2-1/2

[Event "TCh-NED 2006-7"]
[Site "Netherlands NED"]
[Date "2007.02.03"]
[Round "5"]
[White "De Boer,Sy"]
[Black "Krudde,F"]
[Result "1-0"]
[WhiteElo "2351"]
[BlackElo "2317"]

1.d4 Nf6 2.Nf3 d5 3.c4 e6 4.g3 Be7 5.Bg2 O-O 6.O-O b6 7.cxd5 exd5 8.Nc3 Bb7
9.Bf4 Na6 10.Rc1 c5 11.dxc5 bxc5 12.Nh4 g6 13.Bg5 Nc7 14.e4 Nxe4 15.Nxe4 dxe4
16.Qxd8 Bxd8 17.Bxd8 Raxd8 18.Rxc5 Rd7 19.Ra5 a6 20.Re1 Rfd8 21.f4 Rd2 22.Re5 f5
23.Re7 R8d7 24.Rxd7 Rxd7 25.Bf1 Rd2 26.Re2 Rd1 27.Kf2 Ne6 28.Re1 Rd2+ 29.Re2 Rd7
30.Rc2 Kg7 31.Bc4 Bd5 32.Rd2 Nc7 33.Ng2 Kf6 34.Ne3 Bc6 35.Ke2 Ke7 36.Rxd7+ Kxd7
37.Bg8 Ke7 38.Kd2 h6 39.Kc3 Kd6 40.Kb4  1-0

[Event "Aeroflot Open"]
[Site "Moscow RUS"]
[Date "2007.02.15"]
[Round "2"]
[White "Sargissian,G"]
[Black "Kosintseva,T"]
[Result "1-0"]
[WhiteElo "2658"]
[BlackElo "2474"]

1.d4 Nf6 2.c4 e6 3.Nf3 d5 4.g3 Be7 5.Bg2 O-O 6.O-O dxc4 7.Qc2 a6 8.Qxc4 b5
9.Qc2 Bb7 10.Bd2 Ra7 11.Rc1 Be4 12.Qb3 Bd5 13.Qe3 Ng4 14.Qd3 Bc4 15.Rxc4 bxc4
16.Qxc4 Nf6 17.Nc3 Nbd7 18.Na4 Qb8 19.Rc1 Qb5 20.e3 Ne4 21.Be1 Qxc4 22.Rxc4 c5
23.Ne5 Nd6 24.Rc1 Nxe5 25.dxe5 Nb7 26.Kf1 Rc8 27.Ke2 a5 28.b3 Nd8 29.f4 Nc6
30.Nb6 Rcc7 31.Be4 f6 32.exf6 gxf6 33.Bd3 Rab7 34.Na4 Nb4 35.Bc4 Nxa2 36.Ra1 Nb4
37.Bxe6+ Kg7 38.Bc3 Rb8 39.Nb2 Ra7 40.g4 Rb6 41.Bc4 Kf8 42.h4 Rb8 43.Na4 h6
44.g5 fxg5 45.hxg5 Ke8 46.Rh1 hxg5 47.fxg5 Rbb7 48.Rh8+ Bf8 49.Nxc5  1-0

[Event "Bundesliga 2006-7"]
[Site "Muelheim Nord GER"]
[Date "2007.02.24"]
[Round "10"]
[White "Tereick,B"]
[Black "Doettling,F"]
[Result "1/2-1/2"]
[WhiteElo "2382"]
[BlackElo "2542"]

1.Nf3 d5 2.d4 Nf6 3.c4 e6 4.g3 Be7 5.Bg2 O-O 6.O-O dxc4 7.Qc2 a6 8.Qxc4 b5
9.Qc2 Bb7 10.Bg5 Nbd7 11.Bxf6 Nxf6 12.Nbd2 Rc8 13.Nb3 Be4 14.Qc1 c5 15.dxc5 a5
16.Rd1 Qc7 17.a4 Bxc5 18.Qxc5 Qxc5 19.Nxc5 Rxc5 20.axb5 Rxb5 21.Nd4 Rxb2
22.Rxa5 h6 23.Bxe4 Nxe4 24.Rd3 Rc8 25.Kg2 Nf6 26.f4 Rd8 27.Nxe6 Rxd3 28.Ra8+ Kh7
29.Nf8+ Kh8 30.Ng6+  1/2-1/2

[Event "Interclubes Paulista"]
[Site "Sao Paulo BRA"]
[Date "2007.02.25"]
[Round "4"]
[White "Maia,L"]
[Black "Van Riemsdijk,H"]
[Result "1/2-1/2"]
[WhiteElo "2363"]
[BlackElo "2392"]

1.Nf3 d5 2.d4 Nf6 3.c4 e6 4.g3 Be7 5.Bg2 O-O 6.O-O dxc4 7.Qc2 a6 8.Qxc4 b5
9.Qc2 Bb7 10.Bg5 Be4 11.Qc1 Nbd7 12.Nbd2 Bd5 13.Rd1 h6 14.Bxf6 Nxf6 15.Qc2 Rc8
16.Nb3 Be4 17.Qc1 Nd7 18.Qe3 Bd5 19.Rac1 c6 20.Nfd2 Re8 21.Qc3 Bxg2 22.Kxg2 c5
23.Nxc5 Nxc5 24.dxc5 Rxc5 25.Nb3 Rxc3 26.Rxd8 Rxg3+ 27.hxg3 Rxd8 28.Rc6 Rd6
29.Rc8+ Kh7 30.Rc7 Bf6 31.Rxf7 Bxb2 32.Ra7 Ba3 33.e3 Kg6 34.Kf3 Kf6 35.Ke4 h5
36.Ra8 Rb6 37.f4 Bb4 38.Nc1 Rc6 39.Nd3 Bc3 40.Kf3 g5 41.fxg5+ Kxg5 42.Nf4 Be5
43.Rg8+ Kh6 44.Rg6+ Kh7 45.Rxe6 Rxe6 46.Nxe6 a5 47.Nf4 Bxf4  1/2-1/2

[Event "TCh-AUT 2006-7"]
[Site "Mattersburg AUT"]
[Date "2007.03.08"]
[Round "8"]
[White "Lehner,O"]
[Black "Dizdar,G"]
[Result "1/2-1/2"]
[WhiteElo "2415"]
[BlackElo "2541"]

1.Nf3 Nf6 2.c4 e6 3.g3 d5 4.d4 Be7 5.Bg2 O-O 6.O-O c6 7.Qb3 b6 8.Nc3 Ba6
9.cxd5 cxd5 10.Ne5 Bb7 11.Bf4 Nc6 12.Nb5 Na5 13.Qd3 a6 14.Nc3 Rc8 15.Rfc1 Nd7
16.Nxd7 Qxd7 17.b3 b5 18.Bd2 Ba3 19.Re1 Nc6 20.Rad1 Rfd8 21.h4 h6 22.Nb1 Qe7
23.Nxa3 Qxa3 24.Qc3 a5 25.Rb1 Ba6 26.Bf1 a4 27.Bc1 Qxa2 28.Ra1 Nb4 29.Qxb4 Qxa1
30.Bg5 Qxe1 31.Qxe1 hxg5 32.hxg5 axb3 33.Qb4 Rc1 34.Kg2 Rc4  1/2-1/2

[Event "TCh-NOR 2006-7"]
[Site "Oslo NOR"]
[Date "2007.03.09"]
[Round "7"]
[White "Lahlum,H"]
[Black "Gvein,K"]
[Result "1/2-1/2"]
[WhiteElo "2211"]
[BlackElo "2158"]

1.d4 d5 2.c4 e6 3.g3 Nf6 4.Bg2 Be7 5.Nf3 O-O 6.O-O Re8 7.Nc3 c6 8.Ne5 Nbd7
9.e4 dxc4 10.Nxc4 b5 11.Ne3 b4 12.Na4 Ba6 13.Re1 Bb5 14.Qc2 Qa5 15.b3 Bxa4
16.bxa4 Nb6 17.Qxc6 Rac8 18.Qb5 Qxa4 19.Qd3  1/2-1/2

[Event "56th ch-BUL w"]
[Site "Pernik BUL"]
[Date "2007.03.15"]
[Round "5"]
[White "Chilingirova,P"]
[Black "Raeva,E"]
[Result "1-0"]
[WhiteElo "2184"]
[BlackElo "2207"]

1.d4 d5 2.c4 e6 3.Nf3 Nf6 4.g3 Be7 5.Bg2 O-O 6.O-O b6 7.Nc3 Bb7 8.Ne5 Ne4
9.Qc2 f6 10.Nd3 Nc6 11.e3 f5 12.Nf4 Nb4 13.Qb1 Rf6 14.a3 Na6 15.cxd5 exd5
16.Qa2 Nxc3 17.bxc3 c6 18.c4 Nc7 19.cxd5 cxd5 20.Bd2 g5 21.Nd3 Ba6 22.Qb3 Bc4
23.Qb1 Nb5 24.Bb4 Bxb4 25.axb4 Nc3 26.Qc2 Ne4 27.Rfe1 a6 28.Ne5 Rc8 29.Qb2 b5
30.f3 Nd6 31.Rxa6 f4 32.exf4 gxf4 33.Nc6 Rxc6 34.Rxc6 Nf5 35.Rxf6 Qxf6 36.Re5 fxg3
37.hxg3 Nxg3 38.Qd2 h6 39.f4 Kg7 40.Qf2 Nf5 41.Bh3 Ne7 42.Re6 Qf7 43.f5 Ng8
44.Qg3+ Kh8 45.Qe5+ Kh7 46.Rc6 Qg7+ 47.Kh2 Qxe5+ 48.dxe5 d4 49.Rd6 d3 50.Kg3 Kg7
51.Kf4 Kf7 52.Bf1 Ne7 53.Bxd3 Nd5+ 54.Ke4 Bxd3+ 55.Kxd3 Nxb4+ 56.Kc3  1-0

[Event "31st Conference"]
[Site "Blackpool ENG"]
[Date "2007.03.17"]
[Round "2"]
[White "De Coverly,R"]
[Black "Merriman,J"]
[Result "0-1"]
[WhiteElo "2092"]
[BlackElo "2266"]

1.Nf3 d5 2.c4 e6 3.g3 Nf6 4.Bg2 Be7 5.d4 O-O 6.O-O c6 7.Nbd2 Nbd7 8.Qc2 b6
9.e4 dxc4 10.Nxc4 Bb7 11.Rd1 b5 12.Ne3 Rc8 13.e5 Nd5 14.a3 c5 15.Nxd5 Bxd5
16.Qe2 Qb6 17.Be3 Rc7 18.dxc5 Bxc5 19.Bf4 Qb7 20.Ne1 Bxg2 21.Nxg2 a6 22.h4 Rfc8
23.Rd2 Be7 24.Bg5 Bf8 25.Rad1 Nb6 26.Bd8 Nc4 27.Bxc7 Nxd2 28.Qxd2 Qxc7 29.Qf4 Rd8
30.Rxd8 Qxd8 31.Kh2 Bc5 32.Ne1 h6 33.Nf3 Bxf2 34.Nd2 Qd4 35.Ne4 Be3 36.Qf3 Qxb2+
37.Kh3 Qxe5 38.Qxe3 f5 39.Qc5 Qxe4 40.Kh2 Kh7  0-1

[Event "Bundesliga 2006-7"]
[Site "Hamburg GER"]
[Date "2007.03.17"]
[Round "12"]
[White "Ftacnik,L"]
[Black "Lutz,Ch"]
[Result "1/2-1/2"]
[WhiteElo "2582"]
[BlackElo "2580"]

1.Nf3 Nf6 2.c4 e6 3.g3 d5 4.d4 Be7 5.Bg2 O-O 6.O-O dxc4 7.Qc2 a6 8.Qxc4 b5
9.Qc2 Bb7 10.Bd2 Be4 11.Qc1 Qc8 12.Bg5 c5 13.Nbd2 Bb7 14.dxc5 Qxc5 15.Qxc5 Bxc5
16.Rac1 Bb6 17.Bxf6 gxf6 18.Rfd1 Rd8 19.Ne1 Bxg2 20.Kxg2 Nd7 21.Nd3 Rac8
22.Nf3 Kf8 23.b3 Ke7 24.Nb4 Rxc1 25.Rxc1 Nb8 26.Nc6+ Nxc6 27.Rxc6 Rb8 28.Ne1 Kd7
29.Rc2 Bc7 30.Nd3 Bd6 31.e4 a5 32.Kf3 h5 33.h4 a4 34.bxa4 bxa4 35.Nc5+ Bxc5
36.Rxc5 e5 37.Rc4 Ra8 38.a3 Ke6 39.Rb4 Ke7 40.g4 hxg4+ 41.Kxg4 Rg8+ 42.Kh3 Ra8
43.h5 f5 44.exf5 Kf6 45.Kg4 Rg8+ 46.Kf3 Rg5 47.Rxa4  1/2-1/2

[Event "60th ch-RUS sf Urals"]
[Site "Nizhnij Tagil RUS"]
[Date "2007.03.19"]
[Round "6"]
[White "Fokin,Se RUS"]
[Black "Kalmachevskikh,V"]
[Result "0-1"]
[WhiteElo "2169"]
[BlackElo "2333"]

1.d4 d5 2.c4 e6 3.Nf3 Nf6 4.g3 Be7 5.Bg2 O-O 6.O-O b6 7.Nc3 Bb7 8.Ne5 Nbd7
9.Qa4 c5 10.Nxd7 Nxd7 11.cxd5 cxd4 12.Qxd4 Bf6 13.Qd2 Bxc3 14.bxc3 Bxd5 15.Bxd5 exd5
16.Qxd5 Nc5 17.Qxd8 Rfxd8 18.Be3 Ne4 19.Bd4 Rac8 20.Rac1 Rc4 21.Rfd1 f6 22.Rd3 Rdc8
23.f3 Nc5 24.Bxc5 R4xc5 25.Rd7 a5 26.Rb1 R8c6 27.Rbd1 Rc7 28.Rxc7 Rxc7 29.Rd3 Rc4
30.Kf2 Kf7 31.Ke3 Ke6 32.g4 b5 33.f4 g6 34.h3 h6 35.Kf3 Ra4 36.Rd8 Ra3 37.e3 Rxc3
38.Rb8 b4 39.Rb6+ Ke7 40.Rb7+ Ke8 41.Rb8+ Kd7 42.Rb7+ Kc8 43.Rb6 Ra3 44.Rxf6 Rxa2
45.Rxg6 b3 46.Rb6 a4 47.g5 hxg5 48.fxg5 Kd7 49.g6 Ke7 50.Rb7+ Ke8 51.h4 Rh2
52.Kg3 Rh1  0-1

[Event "Magistral Ruy Lopez"]
[Site "Zafra ESP"]
[Date "2007.03.22"]
[Round "6"]
[White "Ponomariov,R"]
[Black "Hou Yifan"]
[Result "1-0"]
[WhiteElo "2723"]
[BlackElo "2509"]

1.d4 Nf6 2.c4 e6 3.g3 d5 4.Bg2 Be7 5.Nf3 O-O 6.Qc2 dxc4 7.Qxc4 a6 8.Qc2 b5
9.Ne5 Ra7 10.O-O Bb7 11.Rd1 Bxg2 12.Kxg2 Qc8 13.a4 b4 14.Nd2 c5 15.dxc5 Rc7
16.Nb3 Bxc5 17.Qd3 Nbd7 18.Bf4 Nd5 19.Nf3 Nxf4+ 20.gxf4 Nf6 21.Rac1 Nd5 22.e3 Be7
23.Rxc7 Qxc7 24.Nbd4 Qb7 25.Rc1 Rc8 26.Rxc8+ Qxc8 27.f5 Bf6 28.fxe6 fxe6
29.Qe4 Qe8 30.b3 Nc7 31.Nc6 Nd5 32.Nfd4 Bxd4 33.Nxd4 Nc3 34.Qg4 h5 35.Qg5 Qf7
36.f3 Nd5 37.e4 Nf4+ 38.Kg3 Qd7 39.Qxf4 Qxd4 40.Kh4 g6 41.Kg5 Qg1+ 42.Kh6 Qa7
43.Qf6  1-0

[Event "Open"]
[Site "Zagreb CRO"]
[Date "2007.03.25"]
[Round "9"]
[White "Pavlovic,Milo2"]
[Black "Sitnik,I"]
[Result "1-0"]
[WhiteElo "2448"]
[BlackElo "2222"]

1.d4 d5 2.c4 e6 3.Nf3 Nf6 4.g3 Be7 5.Bg2 O-O 6.O-O c6 7.Nc3 Nbd7 8.Qc2 b6
9.Rd1 Bb7 10.b3 Rc8 11.e4 dxe4 12.Ng5 c5 13.dxc5 bxc5 14.Ncxe4 Nxe4 15.Bxe4 Bxe4
16.Qxe4 Bxg5 17.Bxg5 Qc7 18.Rd2 Rfe8 19.Rad1 Nf8 20.Bf4 e5 21.Be3 f6 22.Rd6 Qf7
23.Qd5 Re7 24.Bxc5  1-0

[Event "Amber Blindfold"]
[Site "Monte Carlo MNC"]
[Date "2007.03.29"]
[Round "11"]
[White "Aronian,L"]
[Black "Ivanchuk,V"]
[Result "1-0"]
[WhiteElo "2744"]
[BlackElo "2750"]

1.d4 Nf6 2.c4 e6 3.Nf3 d5 4.g3 Be7 5.Bg2 O-O 6.O-O dxc4 7.Qa4 a6 8.Qxc4 b5
9.Qc2 Bb7 10.Bd2 Be4 11.Qc1 Bb7 12.Bf4 Nd5 13.Nc3 Nxf4 14.Qxf4 Nd7 15.Rfd1 Bd6
16.Qh4 Nf6 17.a3 Qb8 18.g4 Rd8 19.Rac1 Be7 20.g5 Nd7 21.d5 Nf8 22.Ne5 Bd6
23.dxe6 Bxg2 24.Qf4 Bb7 25.e7 Re8 26.exf8=Q+ Rxf8 27.Rxd6 cxd6 28.Nd7 Qd8
29.Nxf8 Qxf8 30.Rd1 Rd8 31.f3 Qe7 32.Kf2 Bc6 33.Rd2 Rd7 34.Rd3 g6 35.Re3 Qd8
36.Qd4 Re7 37.Qf6 Rd7 38.Qxd8+ Rxd8 39.Re7 d5 40.Rc7 d4 41.Rxc6 dxc3 42.bxc3 Rd1
43.Ke3 a5 44.c4 Rb1 45.Rb6 Rb3+ 46.Kd2 b4 47.axb4 axb4 48.Rb8+ Kg7 49.h4 h6
50.e3 hxg5 51.hxg5 Kh7 52.f4 Kg7 53.Ke2 f5 54.gxf6+ Kxf6 55.Rb6+ Kf7 56.Kf3 Rb1
57.Ke4 b3 58.Ke5 Kg7 59.e4 b2 60.c5 Rc1 61.Rxb2 Rxc5+ 62.Kd6 Rc4 63.Rb7+ Kf8
64.Ke5 Ra4 65.Kf6 Ke8 66.Re7+ Kf8 67.Re6  1-0

[Event "Bundesliga 2006-7"]
[Site "Eppingen GER"]
[Date "2007.04.01"]
[Round "15"]
[White "Medvegy,Z"]
[Black "Borriss,M"]
[Result "1/2-1/2"]
[WhiteElo "2504"]
[BlackElo "2463"]

1.d4 d5 2.c4 e6 3.Nf3 Nf6 4.g3 Be7 5.Bg2 O-O 6.O-O dxc4 7.Qc2 a6 8.Qxc4 b5
9.Qc2 Bb7 10.Bd2 Be4 11.Qc1 Qc8 12.Bg5 Nbd7 13.Nbd2 Bb7 14.Nb3 c5 15.dxc5 Nxc5
16.Bxf6 gxf6 17.Na5 Bd5 18.Nd4 Ne4 19.Qf4 f5 20.Rac1 Qd7 21.Rc7 Qd6 22.Bxe4 Bxe4
23.Ndc6 Qxf4 24.Nxe7+ Kh8 25.Ng6+ hxg6 26.gxf4 Rac8 27.Rfc1 Rxc7 28.Rxc7 Kg7
29.f3 Bd5 30.b3 Rd8 31.Kf2 Kf6 32.Nc6 Bxc6 33.Rxc6 a5 34.Ra6 a4 35.bxa4 bxa4
36.Rxa4 Rd1 37.Rc4 Rd2 38.Ra4 Rd1 39.Rb4 Rd2 40.a4 Ra2 41.Ke3 g5 42.fxg5+ Kxg5
43.h4+ Kh5 44.Kd3 e5 45.e3 Ra3+ 46.Kd2 f6 47.Rc4 Kg6 48.Kc2 Rxe3 49.Rc3 Re2+
50.Kb3 Rh2 51.a5 Rxh4 52.a6 Kg5 53.a7 Rh8 54.Kc2 Ra8 55.Ra3 Kf4 56.Kd2 e4
57.Ke2 Ke5 58.Ra5+ Kf4 59.Ra3 exf3+ 60.Kf2  1/2-1/2

[Event "8th ch-Euro"]
[Site "Dresden GER"]
[Date "2007.04.03"]
[Round "1"]
[White "Nielsen,PH"]
[Black "Banusz,T"]
[Result "1-0"]
[WhiteElo "2651"]
[BlackElo "2459"]

1.c4 e6 2.d4 d5 3.Nf3 Nf6 4.g3 Be7 5.Bg2 O-O 6.O-O dxc4 7.Qc2 a6 8.Qxc4 b5
9.Qc2 Bb7 10.Bd2 Nc6 11.e3 Nb4 12.Bxb4 Bxb4 13.Rc1 a5 14.Na3 c5 15.Nxb5 Rb8
16.a4 Rc8 17.Qe2 Qb6 18.Ne5 Ba6 19.dxc5 Rxc5 20.Rxc5 Qxc5 21.Nc6 Rc8 22.Qd1 Qb6
23.Nxb4 axb4 24.Qd4 Qc5 25.Qxc5 Rxc5 26.Nd4 e5 27.Nc6 b3 28.Nb4 Ra5 29.Nxa6 Rxa6
30.a5 Kf8 31.Bb7 Ra7 32.a6 Nd7 33.Ra5 f6 34.Rb5 Nb8 35.Bc8 Ra8 36.a7  1-0

[Event "8th ch-Euro"]
[Site "Dresden GER"]
[Date "2007.04.03"]
[Round "1"]
[White "Kozul,Z"]
[Black "Georgiadis,I"]
[Result "1-0"]
[WhiteElo "2616"]
[BlackElo "2388"]

1.d4 Nf6 2.Nf3 e6 3.c4 d5 4.g3 Be7 5.Bg2 O-O 6.O-O dxc4 7.Qc2 a6 8.a4 Bd7
9.Qxc4 Bc6 10.Bg5 Bd5 11.Qc2 Be4 12.Qd1 c5 13.dxc5 Nbd7 14.Nbd2 Bd5 15.Qc2 Nxc5
16.Bxf6 gxf6 17.b4 Nd7 18.e4 Bc6 19.Rab1 Rc8 20.Qa2 b5 21.axb5 Bxb5 22.Rfd1 Qb6
23.Bf1 Rfd8 24.Bxb5 axb5 25.Qb3 Nb8 26.Ne1 Nc6 27.Qf3 Nxb4 28.Qg4+ Kh8 29.Qh5 Rf8
30.Ndf3 Qc5 31.Qh6 Rcd8 32.Rdc1 Qd6 33.Rb3 Rc8 34.Rcb1 Nc6 35.Rxb5 Rg8 36.Rh5 Rg7
37.Rc1 Rd8 38.Rhc5 Nd4 39.Nxd4 Qxd4 40.Rc7 Rd7 41.Nf3 Qd3 42.Qf4 Rg8 43.Rxd7 Qxd7
44.Rc7 Qd8 45.Qc1 Re8 46.Qc6 Kg8 47.Rd7 Qb8 48.Rb7 Qd8 49.Nd4 Bf8 50.Qa4 Qc8
51.Qb5 Qc1+ 52.Kg2 Rd8 53.Nc6 Rd1 54.Qh5 Rg1+ 55.Kh3 Qh6 56.Qxh6 Bxh6 57.Nd8 Rd1
58.Nxf7 Bg7 59.e5 fxe5 60.Ng5 Bh6 61.Nxh7 Rd2 62.Nf6+ Kf8 63.Nd7+ Kg8 64.Nxe5 Rxf2
65.Ng4  1-0

[Event "8th ch-Euro"]
[Site "Dresden GER"]
[Date "2007.04.04"]
[Round "2"]
[White "Wojtaszek,R"]
[Black "Peterson,Er"]
[Result "1-0"]
[WhiteElo "2637"]
[BlackElo "2302"]

1.c4 e6 2.Nf3 d5 3.d4 Nf6 4.g3 Be7 5.Bg2 O-O 6.O-O dxc4 7.Nc3 Nc6 8.e3 Na5
9.Qe2 c5 10.Rd1 Qc7 11.e4 cxd4 12.Nxd4 e5 13.Nf5 Bxf5 14.exf5 Rad8 15.Be3 b6
16.g4 Rxd1+ 17.Rxd1 Rd8 18.g5 Rxd1+ 19.Qxd1 Ne8 20.Qd5 g6 21.f6 Bf8 22.Nb5 Qc8
23.Nxa7 Qf5 24.h4 Nc7 25.Qd8 Ne6 26.Qe8 Qb1+ 27.Kh2 Qxb2 28.Nc8 e4 29.Ne7+ Kh8
30.Qxf7 Qe5+ 31.Kg1 Qa1+ 32.Bf1 Bxe7 33.fxe7  1-0

[Event "8th ch-Euro"]
[Site "Dresden GER"]
[Date "2007.04.05"]
[Round "3"]
[White "Huzman,A"]
[Black "Wells,P"]
[Result "1-0"]
[WhiteElo "2591"]
[BlackElo "2501"]

1.d4 Nf6 2.c4 e6 3.g3 d5 4.Nf3 Be7 5.Bg2 O-O 6.O-O dxc4 7.Qc2 a6 8.Qxc4 b5
9.Qc2 Bb7 10.Bd2 Be4 11.Qc1 Nbd7 12.Ba5 Rc8 13.Nbd2 Ba8 14.a3 Qe8 15.b4 Bd6
16.Re1 Ne4 17.Nxe4 Bxe4 18.Qe3 Bd5 19.Rac1 f5 20.Ne5 Nf6 21.f3 Nd7 22.Rc2 Nb6
23.Bxb6 cxb6 24.Rec1 Rxc2 25.Rxc2 a5 26.f4 Bxg2 27.Kxg2 axb4 28.axb4 Bxb4
29.Rc6 Qe7 30.Qb3 Bd6 31.Qxb5 Qb7 32.Qxb6 Qxb6 33.Rxb6 Bxe5 34.fxe5 Re8 35.Kf3 Kf7
36.Rb7+ Kf8 37.h3 Ra8 38.g4 fxg4+ 39.hxg4 Ra1 40.Kf2 Rd1 41.Rd7 Ra1 42.e4 Ra2+
43.Kf3 Ra3+ 44.Kf4 Ra4 45.Kg5 Rb4 46.Rd6 Kf7 47.d5 Rxe4 48.Rxe6 Rd4 49.Rd6 Ke7
50.Kf5 g6+ 51.Kg5 Rd1 52.Kh6 Rd4 53.Re6+ Kd7 54.g5  1-0

[Event "8th ch-Euro"]
[Site "Dresden GER"]
[Date "2007.04.06"]
[Round "4"]
[White "Gajewski,G"]
[Black "Durarbeyli,V"]
[Result "1/2-1/2"]
[WhiteElo "2540"]
[BlackElo "2312"]

1.d4 Nf6 2.c4 e6 3.g3 d5 4.Nf3 Be7 5.Bg2 O-O 6.O-O dxc4 7.Nc3 a6 8.Ne5 c5
9.dxc5 Bxc5 10.Nxc4 Nc6 11.Bf4 Qe7 12.Bd6 Bxd6 13.Qxd6 Qxd6 14.Nxd6 Rb8 15.Na4 b5
16.Nc5 Rb6 17.Rfd1 Nb4 18.Nxc8 Rxc8 19.Bb7 Rb8 20.a3 Nbd5 21.Bxd5 exd5 22.Rac1 Rc6
23.Nd3 Rbc8 24.Rxc6 Rxc6 25.Nb4 Rd6 26.Rc1 Kf8 27.Rc7 Ne4 28.Rc2 d4 29.f3 Ng5
30.Rc8+ Ke7 31.Rc7+ Kf6 32.Kf2 Ne6 33.Rc6 Rxc6 34.Nxc6 Nc5 35.Nxd4 Ke5 36.Ke3 Kd5
37.b3 g6 38.g4 g5 39.b4 Na4 40.Nb3 Nb2 41.Na5 Nc4+ 42.Nxc4 Kxc4 43.Kd2 Kb3
44.e3 Kxa3 45.Kc3 Ka4 46.f4 a5 47.fxg5 axb4+ 48.Kb2 b3 49.e4 Kb4 50.e5 Kc5
51.e6 fxe6 52.h4 e5 53.h5 e4 54.Kxb3 e3 55.Kc2 b4 56.g6 hxg6 57.hxg6 b3+
58.Kxb3 e2 59.g7 e1=Q 60.g8=Q Qb4+ 61.Kc2 Qc4+ 62.Qxc4+ Kxc4  1/2-1/2

[Event "8th ch-Euro"]
[Site "Dresden GER"]
[Date "2007.04.06"]
[Round "4"]
[White "Baer,So"]
[Black "Stips,F"]
[Result "1/2-1/2"]
[WhiteElo "2121"]
[BlackElo "1964"]

1.d4 d5 2.c4 e6 3.Nf3 Nf6 4.g3 Be7 5.Bg2 O-O 6.Qc2 dxc4 7.Qxc4 a6 8.Bf4 Nd5
9.Nc3 Nxf4 10.gxf4 b5 11.Qd3 Ra7 12.O-O Bb7 13.a4 b4 14.Ne4 Nd7 15.Rac1 Bxe4
16.Qxe4 c5 17.Rfd1 Qb6 18.e3 Rc7 19.b3 Nf6 20.Qd3 Nd5 21.dxc5 Bxc5 22.Ng5 Nf6
23.Ne4 Nxe4 24.Bxe4 g6 25.Rc4 Rfc8 26.Rdc1 a5 27.Bf3 Kg7 28.Kg2 Kg8 29.R1c2 Qb8
30.Qe4 Qa7 31.Qe5 Bb6 32.Qb5 Rxc4 33.Rxc4 Rxc4 34.Qxc4 Qc7 35.Qc6 Qxc6 36.Bxc6  1/2-1/2

[Event "8th ch-Euro"]
[Site "Dresden GER"]
[Date "2007.04.06"]
[Round "4"]
[White "Jirka,J"]
[Black "Zweschper,E"]
[Result "1-0"]
[WhiteElo "2360"]
[BlackElo "2170"]

1.d4 Nf6 2.c4 e6 3.g3 d5 4.Bg2 Be7 5.Nf3 c6 6.O-O b5 7.c5 a5 8.Ne5 Nfd7 9.Nxd7 Nxd7
10.e4 dxe4 11.Bxe4 Bb7 12.Qf3 Rc8 13.Rd1 Nf6 14.Bc2 Qd5 15.Qe2 h5 16.Nc3 Qd7
17.Bg5 h4 18.Bxh4 Nh5 19.Bxe7 Qxe7 20.Ne4 Rd8 21.Nd6+ Kf8 22.Rd3 Rd7 23.Rf3 f5
24.Re1 Rh6 25.Bxf5 exf5 26.Rxf5+ Nf6 27.Re5 Nd5 28.Qf3+ Rf6 29.Qh5 Rdxd6
30.cxd6  1-0

[Event "8th ch-Euro"]
[Site "Dresden GER"]
[Date "2007.04.07"]
[Round "5"]
[White "Huzman,A"]
[Black "Hera,I"]
[Result "1-0"]
[WhiteElo "2591"]
[BlackElo "2501"]

1.d4 Nf6 2.c4 e6 3.g3 d5 4.Nf3 Be7 5.Bg2 O-O 6.O-O c6 7.Qc2 b6 8.b3 Nbd7
9.Rd1 Ba6 10.a4 Rc8 11.Bb2 c5 12.Na3 Bb7 13.Ne5 cxd4 14.Bxd4 Nxe5 15.Bxe5 Ng4
16.Bb2 Qc7 17.e3 Rfd8 18.Qe2 Nf6 19.Rac1 dxc4 20.Rxd8+ Rxd8 21.Nb5 Qb8 22.Rxc4 Bxg2
23.Kxg2 Rc8 24.e4 Rxc4 25.Qxc4 h6 26.Qc6 Bc5 27.Bc3 Ng4 28.b4 Bf8 29.Qc7 Qa8
30.f3 Ne3+ 31.Kg1 f5 32.Bd4 a6 33.Na3 Ng4 34.Nc4 Nf6 35.Nxb6 Qe8 36.Bxf6 gxf6
37.Nd7 Qe7 38.Qc8 Qxb4 39.Nxf8 Qe1+ 40.Kg2 Qe2+ 41.Kh3 Qf1+ 42.Kh4 Qxf3 43.Nxe6+  1-0

[Event "8th ch-Euro"]
[Site "Dresden GER"]
[Date "2007.04.07"]
[Round "5"]
[White "Ovetchkin,R"]
[Black "Kuba,G"]
[Result "1-0"]
[WhiteElo "2534"]
[BlackElo "2403"]

1.Nf3 d5 2.d4 Nf6 3.c4 e6 4.g3 Be7 5.Bg2 O-O 6.O-O Nbd7 7.Qc2 c6 8.Nbd2 b6
9.e4 Bb7 10.e5 Ne8 11.cxd5 cxd5 12.Re1 Rc8 13.Qa4 Bc6 14.Qd1 b5 15.Nf1 b4
16.h4 Qa5 17.Bg5 Bxg5 18.hxg5 Ba4 19.b3 Bb5 20.Qd2 Rc3 21.Ne3 Rd3 22.Qb2 Qb6
23.Rac1 Nc7 24.Bf1 Rc3 25.Rxc3 bxc3 26.Qxc3 Bxf1 27.Rxf1 Nb5 28.Qd2 Rc8 29.Kg2 a5
30.Rh1 Rc6 31.Ng4 Nc3 32.Nf6+ Nxf6 33.exf6 Ne4 34.Qf4 Rc2 35.Rf1 Rxa2 36.fxg7 Qd8
37.Ne5 Nxg5 38.Nc6 Qd7 39.Ne5 Qd8 40.Ng4 Kxg7 41.Rc1 h5 42.Rc8 Qe7 43.Qe5+ f6
44.Nxf6 Rxf2+ 45.Kxf2 Qxf6+ 46.Ke3 Qxe5+ 47.dxe5 Ne4 48.Kf4 Kg6 49.Rg8+ Kf7
50.Ra8 Nc5 51.Kg5 Nxb3 52.Ra7+  1-0

[Event "XXXIV Open"]
[Site "La Roda ESP"]
[Date "2007.04.07"]
[Round "6"]
[White "Guerra Bastida,D"]
[Black "Radulski,J"]
[Result "1-0"]
[WhiteElo "2371"]
[BlackElo "2485"]

1.c4 e6 2.g3 d5 3.Bg2 Nf6 4.Nf3 Be7 5.d4 O-O 6.O-O Na6 7.Nc3 Ne4 8.cxd5 Nxc3
9.bxc3 exd5 10.Ne5 c6 11.e4 Nc7 12.Re1 Be6 13.Rb1 Rb8 14.a4 Re8 15.Bf4 h6
16.h4 Bf8 17.Qc2 Qc8 18.c4 dxe4 19.Bxe4 Rd8 20.Red1 Na6 21.Rbc1 Ba3 22.Ra1 Bd6
23.Qe2 Bf5 24.Bg2 f6 25.Nd3 Bxd3 26.Rxd3 Bxf4 27.gxf4 Qf5 28.Re1 Qxf4 29.Qe6+ Kh8
30.Rg3 Rg8 31.Re4 Qc7 32.h5 Qc8 33.Qf7 Qf8 34.Re7 Qxf7 35.Rxf7 Nb4 36.Be4 Rbd8
37.Bf5 Rxd4 38.Rg6 Re8 39.Rfxg7 Rf4 40.Bd7 Rd8 41.Re7 Nd5 42.Rxh6+ Kg8 43.Be6+  1-0